Hollywood : d'hier et d'aujour'hui /

Guardado en:
書目詳細資料
主要作者: Florey, Robert (autor)
其他作者: Bessy, Maurice (presentación) (presentación), Clair, René (introducción) (introducción)
格式: 圖書
語言:法语
出版: París, Francia : Editions Prisma, 1948, c1948
主題:
標簽: 添加標簽
沒有標簽, 成為第一個標記此記錄!

MARC

LEADER 00000nam^a2200000^a^4500
001 000271299
005 20250521000000.0
009 20260310111022.984
037 |a Acervo Xavier Clavigero 
041 |a FRA 
082 |a 302. 2350973  |b FLO 
100 |a Florey, Robert  |e (autor) 
245 1 0 |a Hollywood :  |b d'hier et d'aujour'hui /  |c R. Florey ; presen. de M. Bessy ; introd. de R. Clair. 
264 4 |a París, Francia :  |b Editions Prisma,  |c 1948, c1948 
300 |a 381 p. 
336 |a texto  |b txt  |2 rdacontenido 
337 |a sin mediación  |b n  |2 rdamedio 
338 |a volumen  |b nc  |2 rdasoporte 
649 |a XX 
650 |a Cine Norteamericano -  |x Historia y Crítica -  |x Tema Principal 
650 |a Producción Cinematográfica -  |z EUA 
650 |a Medios Audiovisuales -  |z EUA 
650 |a Medios de Comunicación -  |z EUA 
650 |a Comunicación Visual -  |z EUA 
650 |a Comunicación Masiva -  |z EUA 
700 |a Bessy, Maurice  |e (presentación) 
700 |a Clair, René  |e (introducción) 
910 |a Fondo General 
920 |a Impresos - Libros 
930 |a Colección General 
905 |a 101 
901 |a 0500157155  |b IT1  |c ACC  |u 20250521 
902 |a https://opac.biblio.iteso.mx/vufind/Record/000271299